000
00293nam a2200109Ia 4500
008
231129s9999||||xx |||||||||||||| ||spa||
082
_a
(EN PROCESO DE DESCARTE) 539 M667
100
_a
Minter Jerry B
245
0
_a
Electronica nuclear
264
_a
Oak Ridge (EE.UU.): USAEC
942
_2
ddc
_c
BKS
999
_c
12742
_d
12742